Instrumentos para metrología dimensional: utilización, mantenimiento y ciudados

Salvato in:
Dettagli Bibliografici
Natura: Libro
Lingua:spagnolo
Pubblicazione: Sao Paulo Mitutoyo Sul Americana 1990
Soggetti:
Tags: Aggiungi Tag
Nessun Tag, puoi essere il primo ad aggiungerne!!

MARC

LEADER 00000nam a2200000 a 4500
001 UCK0170
003 CL-VaPUC
008 040915e19900000BL |||||||||||||||||spa|d
082 0 4 |a 621.80287  |b INS  |2 21 
245 1 0 |a Instrumentos para metrología dimensional: utilización, mantenimiento y ciudados 
300 |a 66 p 
942 |c BK 
945 |d 20040915 00:00:00  |a cmena 
260 |a Sao Paulo  |b Mitutoyo Sul Americana  |c 1990 
650 7 |a INSTRUMENTOS DE MEDIDA  |2 CL-VaPUC  |9 262517 
650 7 |a METROLOGIA  |2 CL-VaPUC  |9 271765 
650 7 |a INDUSTRIA METALMECANICA  |2 CL-VaPUC  |9 271619 
583 |a last modification  |c 20040915 00:00:00  |k Rodrigo Vera 
999 |c 310660  |d 310658 
952 |0 0  |1 0  |4 0  |6 621_802870000000000_INS_1990  |7 0  |8 A  |9 379539  |a BIBMEC  |b BIBMEC  |d 2019-11-21  |i 2121395  |l 1  |o 621.80287 INS 1990  |p 2121395  |r 2024-01-19  |s 2022-11-07  |w 2019-11-21  |y BK  |k MEC 
952 |0 0  |1 0  |4 0  |6 621_802870000000000_INS_1990  |7 0  |8 A  |9 379540  |a BIBMEC  |b BIBMEC  |d 2019-11-21  |i 2121409  |o 621.80287 INS 1990  |p 2121409  |r 2024-01-19  |w 2019-11-21  |y BK  |k MEC